000 00441nam a2200193Ia 4500
003 OST
005 20240606080826.0
008 150730s9999 xx 000 0 und d
020 _a8121901111
040 _cMRUC
100 _aSharma,P.C
245 2 _aA Text Book Of Production Engineering
250 _aRevised
264 _aNew Delhi
264 _bS.Chand
264 _c2008
942 _2lcc
_cBK
999 _c907
_d907